[Event "Perce-Neige"]
[Site "Montreal CAN"]
[Date "2025.04.27"]
[Round "4.2"]
[White "Constantin, David"]
[Black "Iordanescu, Victor Nicolae"]
[Result "1/2-1/2"]
[WhiteElo "2104"]
[BlackElo "1811"]
[WhiteFideId "-1"]
[WhiteFideId "-1"]
[PlyCount "62"]
[GameId "2187210749002929"]
[EventDate "2025.04.26"]
[EventType "swiss"]
[EventRounds "4"]
[EventCountry "CAN"]

1. Nf3 Nf6 2. c4 e6 3. d4 d5 4. e3 Be7 5. Nc3 O-O 6. Bd3 dxc4 7. Bxc4 c5 8. O-O a6 9. a4 Nc6 10. Re1 b6 11. dxc5 Qxd1 12. Rxd1 Bxc5 13. h3 Bb7 14. Kf1 Rfd8 15. Bd2 Kf8 16. Rac1 Rac8 17. Be1 Nb4 18. Rxd8+ Rxd8 19. Ke2 Ke7 20. Na2 Nxa2 21. Bxa2 Nd5 22. Ne5 f6 23. Nd3 Bd6 24. g3 a5 25. Bc4 e5 26. e4 Nc7 27. f3 Ne6 28. Bf2 Nd4+ 29. Bxd4 exd4 30. Bb5 g5 31. g4 Rc8 1/2-1/2

[Event "Perce-Neige"]
[Site "Montreal CAN"]
[Date "2025.04.27"]
[Round "4.3"]
[White "Beaupre, Eugene jr"]
[Black "Hu, Raymond"]
[Result "1-0"]
[WhiteElo "1976"]
[BlackElo "1804"]
[WhiteFideId "-1"]
[WhiteFideId "-1"]
[PlyCount "89"]
[GameId "2187210749002930"]
[EventDate "2025.04.26"]
[EventType "swiss"]
[EventRounds "4"]
[EventCountry "CAN"]

1. d4 Nf6 2. c4 g6 3. Nc3 d5 4. e3 Bg7 5. cxd5 Nxd5 6. Nxd5 Qxd5 7. Ne2 c6 8. Nc3 Qd8 9. Bd3 O-O 10. O-O e5 11. dxe5 Bxe5 12. f4 Bg7 13. e4 Qd4+ 14. Kh1 Rd8 15. Qf3 Nd7 16. Bc2 b6 17. e5 Bb7 18. Bb3 Nc5 19. Be3 Qd7 20. Bxc5 bxc5 21. Bc4 Rf8 22. Ne4 Qe7 23. Nd6 Bc8 24. Qxc6 Be6 25. Qxc5 Bxc4 26. Qxc4 Rad8 27. Rad1 Rd7 28. Nc8 Qd8 29. Rxd7 Qxd7 30. Nd6 Qe6 31. Rc1 Qg4 32. b4 Bh6 33. Rf1 Qe6 34. Qxe6 fxe6 35. g3 Rc8 36. b5 Bf8 37. Rc1 Rd8 38. Rc6 Bxd6 39. exd6 Rd7 40. a4 Kf7 41. a5 Ke8 42. Rc8+ Kf7 43. Rc7 Ke8 44. Rxd7 Kxd7 45. b6 1-0

[Event "Perce-Neige"]
[Site "Montreal CAN"]
[Date "2025.04.27"]
[Round "4.4"]
[White "Kiryakov, Marin"]
[Black "Hrivnak, Vladimir"]
[Result "1-0"]
[WhiteElo "1907"]
[BlackElo "2071"]
[WhiteFideId "-1"]
[WhiteFideId "-1"]
[PlyCount "54"]
[GameId "2187210749007027"]
[EventDate "2025.04.26"]
[EventType "swiss"]
[EventRounds "4"]
[EventCountry "CAN"]

1. e4 c5 2. Nf3 Nc6 3. Bb5 g6 4. Bxc6 bxc6 5. d4 cxd4 6. Qxd4 f6 7. Be3 e5 8. Qd3 a5 9. c4 Ba6 10. Nc3 Rb8 11. O-O Rxb2 12. Rfb1 Rb4 13. Rxb4 axb4 14. Na4 d5 15. exd5 cxd5 16. Qxd5 Qxd5 17. cxd5 Bd6 18. Bc5 Ke7 19. Rc1 Bb7 20. Bxd6+ Kxd6 21. Rb1 Bxd5 22. Rxb4 Bxf3 23. gxf3 Nh6 24. Rb6+ Ke7 25. Nc3 Rd8 26. Rb7+ Rd7 27. Nd5+ Kd6 1-0

[Event "Perce-Neige"]
[Site "Montreal CAN"]
[Date "2025.04.27"]
[Round "4.5"]
[White "Morin, Richer"]
[Black "Qi, Jason"]
[Result "1-0"]
[WhiteElo "1757"]
[BlackElo "1678"]
[WhiteFideId "-1"]
[WhiteFideId "-1"]
[PlyCount "35"]
[GameId "2187210749007028"]
[EventDate "2025.04.26"]
[EventType "swiss"]
[EventRounds "4"]
[EventCountry "CAN"]

1. e4 c5 2. Nf3 e6 3. c3 Nf6 4. e5 Nd5 5. d4 cxd4 6. Bc4 Nb6 7. Bb3 dxc3 8. Nxc3 d5 9. h4 Nc6 10. Qe2 h6 11. Bd2 Bc5 12. h5 Qe7 13. a3 Bd7 14. Ba2 a5 15. Qd3 a4 16. Nb5 Kf8 17. Rc1 Na5 18. Rxc5 1-0

[Event "Perce-Neige"]
[Site "Montreal CAN"]
[Date "2025.04.27"]
[Round "4.6"]
[White "Gauthier, Denis"]
[Black "Lesage, Philippe"]
[Result "1/2-1/2"]
[WhiteElo "1671"]
[BlackElo "1824"]
[WhiteFideId "-1"]
[WhiteFideId "-1"]
[PlyCount "118"]
[GameId "2187210749007029"]
[EventDate "2025.04.26"]
[EventType "swiss"]
[EventRounds "4"]
[EventCountry "CAN"]

1. d4 e6 2. c4 d5 3. Nc3 c5 4. cxd5 exd5 5. Nf3 Nc6 6. g3 Nf6 7. Bg2 cxd4 8. Nxd4 Bc5 9. Nb3 Bb6 10. O-O d4 11. Na4 O-O 12. Nxb6 axb6 13. Bxc6 bxc6 14. Qxd4 Qe8 15. Bf4 c5 16. Qe5 Be6 17. Rfd1 Ng4 18. Qe4 Qb5 19. Qc2 Rfe8 20. Nc1 c4 21. h3 Nf6 22. g4 Nd5 23. Bg3 Rec8 24. e4 Nb4 25. Qc3 Rd8 26. Ne2 Rxd1+ 27. Rxd1 Qa4 28. Qd2 Nc6 29. Nc3 Qa5 30. Qd6 Qc5 31. Qxc5 bxc5 32. Bd6 Ra5 33. a3 h5 34. f4 hxg4 35. f5 Bc8 36. hxg4 Bb7 37. e5 Nd4 38. Kf2 Bf3 39. Rxd4 cxd4 40. Kxf3 dxc3 41. bxc3 Rd5 42. Ke4 Rd3 43. Bb4 Rg3 44. Kf4 Rd3 45. a4 Rd1 46. a5 Rf1+ 47. Ke4 Rd1 48. Bc5 Ra1 49. Bb4 Rd1 50. e6 fxe6 51. fxe6 g6 52. Ke5 Rg1 53. Kf4 Re1 54. e7 Kf7 55. Bc5 Ra1 56. Bb4 Re1 57. Kf3 Rf1+ 58. Kg2 Rf4 59. Kg3 Rf1 1/2-1/2

[Event "Perce-Neige B"]
[Site "Montreal CAN"]
[Date "2025.04.26"]
[Round "1.11"]
[White "Hu, Richard"]
[Black "Gauthier, Luc"]
[Result "1-0"]
[WhiteElo "1590"]
[BlackElo "1495"]
[WhiteFideId "-1"]
[WhiteFideId "-1"]
[PlyCount "89"]
[GameId "2187210749011126"]
[EventDate "2025.04.26"]
[EventType "swiss"]
[EventRounds "4"]
[EventCountry "CAN"]

1. e4 Nf6 2. Nc3 d5 3. exd5 Nxd5 4. Nxd5 Qxd5 5. d4 Nc6 6. Be3 Bf5 7. c3 O-O-O 8. Nf3 e5 9. Qb3 Qxb3 10. axb3 exd4 11. Nxd4 Nxd4 12. Bxd4 Re8+ 13. Kd2 c5 14. Be3 Rd8+ 15. Ke1 Kb8 16. Bc4 f6 17. Ke2 Bd6 18. h3 Rhe8 19. Kf3 Be4+ 20. Ke2 f5 21. f3 Bc6 22. Kf2 f4 23. Bc1 Bc7 24. h4 b5 25. Be2 c4 26. bxc4 Bb6+ 27. Kf1 Be3 28. Bxe3 Rxe3 29. Rd1 Rxd1+ 30. Bxd1 bxc4 31. h5 Rd3 32. Be2 Rd2 33. Rh4 Rxb2 34. Rxf4 Rb1+ 35. Kf2 Rb2 36. Rf8+ Kc7 37. Rf7+ Kb6 38. Rxg7 a5 39. Rxh7 a4 40. h6 a3 41. Re7 a2 42. h7 a1=Q 43. h8=Q Qa3 44. Qb8+ Kc5 45. Re5+ 1-0

[Event "Perce-Neige B"]
[Site "Montreal CAN"]
[Date "2025.04.26"]
[Round "1.12"]
[White "Maurice, Mathieu"]
[Black "Keshishian, Antranig"]
[Result "1-0"]
[WhiteElo "1477"]
[BlackElo "1574"]
[WhiteFideId "-1"]
[WhiteFideId "-1"]
[PlyCount "85"]
[GameId "2187210749011127"]
[EventDate "2025.04.26"]
[EventType "swiss"]
[EventRounds "4"]
[EventCountry "CAN"]

1. c4 e5 2. g3 Nf6 3. Bg2 Bc5 4. Nc3 c6 5. Nf3 d6 6. O-O Be6 7. d3 O-O 8. Na4 Bb6 9. Nxb6 Qxb6 10. Qc2 h6 11. Be3 c5 12. Rab1 a5 13. a3 Nc6 14. h3 Rfe8 15. Bd2 a4 16. Bc3 Qa6 17. e3 b5 18. cxb5 Qxb5 19. Nd2 Rab8 20. Nc4 Red8 21. Nd2 Na5 22. Bxa5 Qxa5 23. Nc4 Qa6 24. Rfe1 Rb3 25. Bf1 Bxc4 26. dxc4 Rdb8 27. Red1 Qb6 28. g4 Rxb2 29. Rxb2 Qxb2 30. Qxa4 Ne4 31. Bg2 Qxf2+ 32. Kh2 Rb2 33. Qa8+ Rb8 34. Qxe4 Rb3 35. Rxd6 f6 36. Rd3 Rxd3 37. Qxd3 Kh8 38. a4 Qa2 39. Qd5 Qxa4 40. Qxc5 Qc2 41. Kg3 Qb1 42. Qc8+ Kh7 43. Qf5+ 1-0

[Event "Perce-Neige B"]
[Site "Montreal CAN"]
[Date "2025.04.26"]
[Round "2.11"]
[White "Gauthier-Raymond, Denis"]
[Black "Hu, Richard"]
[Result "1/2-1/2"]
[WhiteElo "1401"]
[BlackElo "1590"]
[WhiteFideId "-1"]
[WhiteFideId "-1"]
[PlyCount "59"]
[GameId "2187210749011128"]
[EventDate "2025.04.26"]
[EventType "swiss"]
[EventRounds "4"]
[EventCountry "CAN"]

1. Nf3 Nf6 2. c4 e6 3. Nc3 Bb4 4. a3 Bxc3 5. bxc3 O-O 6. g3 b6 7. Bg2 Bb7 8. a4 a5 9. d3 d5 10. Qb3 Nbd7 11. Ba3 Re8 12. O-O e5 13. Nd2 e4 14. cxd5 Bxd5 15. c4 Bb7 16. d4 Rb8 17. e3 c5 18. d5 Ba6 19. Bb2 Ne5 20. Rfc1 Nd3 21. Rc2 Nxb2 22. Rxb2 Qd6 23. Qc2 Qe5 24. Rab1 Nxd5 25. Bxe4 Nb4 26. Bxh7+ Kh8 27. Qf5 Qxf5 28. Bxf5 Red8 29. f4 Re8 30. Kf2 1/2-1/2

[Event "Perce-Neige B"]
[Site "Montreal CAN"]
[Date "2025.04.26"]
[Round "2.12"]
[White "Roy, Nicholas"]
[Black "Dauphinais, Sophie"]
[Result "0-1"]
[WhiteElo "1075"]
[BlackElo "1559"]
[WhiteFideId "-1"]
[WhiteFideId "-1"]
[PlyCount "54"]
[GameId "2187210749117625"]
[EventDate "2025.04.26"]
[EventType "swiss"]
[EventRounds "4"]
[EventCountry "CAN"]

1. Nf3 d5 2. g3 Nf6 3. Bg2 c6 4. O-O Bf5 5. d3 e6 6. Nbd2 Be7 7. e4 dxe4 8. dxe4 Bxe4 9. Nxe4 Nxe4 10. Qxd8+ Bxd8 11. Ne5 Nf6 12. Bg5 Nbd7 13. Nc4 Bc7 14. Bxf6 Nxf6 15. f4 O-O-O 16. Rad1 Nd5 17. Rfe1 Rhe8 18. Kf2 Nb4 19. Rxd8+ Rxd8 20. c3 Nd3+ 21. Ke2 Nxe1 22. Kxe1 Bb6 23. Nxb6+ axb6 24. Ke2 e5 25. Bh3+ Kc7 26. f5 g6 27. f6 Rd6 0-1

[Event "Perce-Neige B"]
[Site "Montreal CAN"]
[Date "2025.04.26"]
[Round "2.13"]
[White "Keshishian, Antranig"]
[Black "Sonn, Eric"]
[Result "1/2-1/2"]
[WhiteElo "1574"]
[BlackElo "1533"]
[WhiteFideId "-1"]
[WhiteFideId "-1"]
[PlyCount "158"]
[GameId "2187210749117626"]
[EventDate "2025.04.26"]
[EventType "swiss"]
[EventRounds "4"]
[EventCountry "CAN"]

1. d4 Nf6 2. c4 g6 3. Nc3 Bg7 4. e4 d6 5. Nf3 O-O 6. Be2 Nbd7 7. O-O e5 8. Bg5 c6 9. Qd2 Re8 10. Rfd1 Qa5 11. dxe5 dxe5 12. a3 h5 13. b4 Qc7 14. Bh6 Nf8 15. Bxg7 Kxg7 16. Qd6 Qxd6 17. Rxd6 Bg4 18. Rad1 Bxf3 19. Bxf3 Ne6 20. Be2 Nd4 21. f4 Nxe2+ 22. Nxe2 Nxe4 23. Rd7 b6 24. fxe5 Rxe5 25. Nd4 Rc8 26. Rxa7 c5 27. Nf3 Rf5 28. b5 Nc3 29. Rd2 Re8 30. h4 Ne2+ 31. Kh2 Rf4 32. Rc2 Ree4 33. Kh3 Nd4 34. Nxd4 Rxh4+ 35. Kg3 Rhg4+ 36. Kf3 Rxd4 37. a4 Rd3+ 38. Ke2 Ra3 39. Kf2 h4 40. Ra6 Rf4+ 41. Kg1 Rf6 42. Re2 Ra1+ 43. Kh2 Rff1 44. Kh3 Rf4 45. Kh2 Rxc4 46. Rxb6 Rcxa4 47. Rc2 c4 48. Rc6 Rb4 49. b6 Rab1 50. R2xc4 Rxc4 51. Rxc4 g5 52. Rc6 g4 53. Rd6 Rb5 54. Kg1 g3 55. Kf1 Rb1+ 56. Ke2 h3 57. b7 hxg2 58. Rd1 Rxb7 59. Kf3 Rb6 60. Kxg2 Rg6 61. Rd3 Kf6 62. Rf3+ Ke7 63. Re3+ Kf8 64. Rf3 Kg7 65. Ra3 Kh6 66. Rf3 f6 67. Rf5 Kg7 68. Rf3 Rg5 69. Rf4 Kg6 70. Rf3 f5 71. Rxg3 f4 72. Rxg5+ Kxg5 73. Kf3 Kf5 74. Kf2 Kg4 75. Kg2 f3+ 76. Kf2 Kf4 77. Kf1 Ke3 78. Ke1 f2+ 79. Kf1 Kf3 1/2-1/2

[Event "Perce-Neige B"]
[Site "Montreal CAN"]
[Date "2025.04.26"]
[Round "2.14"]
[White "Ducharme, Bernard"]
[Black "Gauthier, Luc"]
[Result "1-0"]
[WhiteElo "1554"]
[BlackElo "1495"]
[WhiteFideId "-1"]
[WhiteFideId "-1"]
[PlyCount "101"]
[GameId "2187210749121723"]
[EventDate "2025.04.26"]
[EventType "swiss"]
[EventRounds "4"]
[EventCountry "CAN"]

1. d4 d5 2. c4 Nc6 3. Nc3 Nf6 4. cxd5 Nxd5 5. e4 Nxc3 6. bxc3 e5 7. d5 Nb8 8. Be2 Nd7 9. Nf3 Bd6 10. O-O O-O 11. Qc2 Nc5 12. Be3 Qe7 13. Nd2 f5 14. f4 exf4 15. Bxf4 Nxe4 16. Nxe4 fxe4 17. Bxd6 cxd6 18. Rfe1 Bf5 19. Qd2 Rac8 20. Qe3 Qe5 21. c4 b6 22. Kh1 Rf6 23. Rf1 Rcf8 24. Rae1 Rh6 25. Qf4 Qxf4 26. Rxf4 Rhf6 27. a4 Bg6 28. Rxf6 gxf6 29. Kg1 f5 30. g3 Rc8 31. Kf2 Kg7 32. Ke3 Kf6 33. Kd4 Rc5 34. Rb1 Be8 35. Rf1 h5 36. g4 hxg4 37. Bxg4 Kg5 38. Bxf5 e3 39. Bd3 Bxa4 40. Kxe3 b5 41. Kd4 b4 42. Rg1+ Kf4 43. Rg6 Ra5 44. Rf6+ Kg5 45. Rxd6 Bd1 46. Rg6+ Kf4 47. Rf6+ Kg5 48. Rf1 Bg4 49. Rb1 Bf5 50. Rg1+ Kf6 51. Rf1 1-0

[Event "Perce-Neige B"]
[Site "Montreal CAN"]
[Date "2025.04.27"]
[Round "3"]
[White "Gauthier, Luc"]
[Black "Keshishian, Antranig"]
[Result "0-1"]
[WhiteElo "1495"]
[BlackElo "1574"]
[WhiteFideId "-1"]
[WhiteFideId "-1"]
[PlyCount "72"]
[GameId "2172342674242328"]
[EventDate "2025.04.26"]
[EventType "swiss"]
[EventRounds "4"]
[EventCountry "CAN"]

1. e4 c5 2. f4 g6 3. Nf3 Bg7 4. Nc3 a6 5. d3 b5 6. g3 Nc6 7. Bg2 Rb8 8. O-O d6 9. h3 Nf6 10. Ne2 O-O 11. c3 Re8 12. g4 b4 13. Ng5 e5 14. f5 bxc3 15. bxc3 Qb6 16. Be3 Bd7 17. Qe1 h6 18. Nxf7 Kxf7 19. fxg6+ Kxg6 20. Qh4 Rh8 21. g5 hxg5 22. Qxg5+ Kf7 23. Rxf6+ Bxf6 24. Rf1 Qd8 25. Ng3 Rg8 26. Qh5+ Rg6 27. Qh7+ Rg7 28. Qh5+ Ke7 29. Qf3 Rg6 30. Nh5 Qh8 31. Bg5 Rxg5 32. Nxf6 Qg7 33. Nd5+ Kd8 34. Qf8+ Qxf8 35. Rxf8+ Be8 36. Nf6 Ke7 0-1

[Event "Perce-Neige B"]
[Site "Montreal CAN"]
[Date "2025.04.27"]
[Round "3.10"]
[White "Dauphinais, Sophie"]
[Black "Maurice, Mathieu"]
[Result "0-1"]
[WhiteElo "1559"]
[BlackElo "1477"]
[WhiteFideId "-1"]
[WhiteFideId "-1"]
[PlyCount "102"]
[GameId "2187210749125820"]
[EventDate "2025.04.26"]
[EventType "swiss"]
[EventRounds "4"]
[EventCountry "CAN"]

1. e4 c5 2. c3 d5 3. exd5 Qxd5 4. d4 Nf6 5. Nf3 e6 6. Be3 Nc6 7. dxc5 Qxd1+ 8. Kxd1 Ng4 9. b4 Nxe3+ 10. fxe3 g6 11. Bb5 Bd7 12. Nbd2 a5 13. Bxc6 Bxc6 14. Nb3 axb4 15. cxb4 Bg7 16. Nbd4 Ra3 17. Ke2 Bd5 18. Rhd1 Ke7 19. Rd2 Rha8 20. Rad1 Rxa2 21. Kf2 Rxd2+ 22. Rxd2 Ra4 23. Rb2 e5 24. Nb5 Bc6 25. Nd6 b5 26. e4 h6 27. Nd2 Ke6 28. Nc8 f5 29. exf5+ gxf5 30. Nb6 Ra3 31. Rb3 Ra2 32. Rd3 Bf8 33. Kg3 Rb2 34. Rb3 Rxd2 35. Ra3 Rxg2+ 36. Kh3 Rg4 37. Rg3 Rxg3+ 38. hxg3 e4 39. Kg2 Ke5 40. Kf2 h5 41. Nc8 Bb7 42. Na7 Ba6 43. Nc6+ Kd5 44. Nb8 Bb7 45. Nd7 Be7 46. Nb6+ Kd4 47. Ke2 Kc3 48. Nd7 Kxb4 49. Ke3 Bxc5+ 50. Nxc5 Kxc5 51. Kf4 b4 0-1

[Event "Perce-Neige B"]
[Site "Montreal CAN"]
[Date "2025.04.27"]
[Round "3.11"]
[White "Hu, Richard"]
[Black "Yahiaoui, Abdessamad"]
[Result "0-1"]
[WhiteElo "1590"]
[BlackElo "1595"]
[WhiteFideId "-1"]
[WhiteFideId "-1"]
[PlyCount "100"]
[GameId "2187210749125821"]
[EventDate "2025.04.26"]
[EventType "swiss"]
[EventRounds "4"]
[EventCountry "CAN"]

1. e4 d6 2. d4 Nf6 3. Nc3 g6 4. Nf3 Bg7 5. h3 O-O 6. Be3 c6 7. Qd2 Nbd7 8. Be2 Qc7 9. Bh6 e5 10. Bxg7 Kxg7 11. O-O Re8 12. dxe5 dxe5 13. Rfe1 Nc5 14. Bd3 Bd7 15. Qe3 Ne6 16. Ne2 Nh5 17. Rad1 a6 18. Bc4 Rad8 19. Ng5 h6 20. Nxe6+ Bxe6 21. Rxd8 Qxd8 22. Bd3 Qa5 23. Ra1 Rd8 24. a3 Kh7 25. f4 exf4 26. Nxf4 Qe5 27. Rf1 Nxf4 28. Qxf4 Qxf4 29. Rxf4 Kg7 30. Kf2 g5 31. Rf3 c5 32. Ke3 b5 33. Rf1 c4 34. Be2 Kf8 35. Rf6 c3 36. Bd3 Kg7 37. Rf2 Kf8 38. Rf1 Ke7 39. Rd1 Kf6 40. Be2 Rxd1 41. Bxd1 Ke5 42. g4 Bc8 43. Be2 b4 44. Bf3 a5 45. Be2 Bb7 46. Bf3 Ba6 47. Bg2 Bb5 48. Kf3 Kd4 49. h4 Bc6 50. hxg5 hxg5 0-1

[Event "Perce-Neige B"]
[Site "Montreal CAN"]
[Date "2025.04.27"]
[Round "3.12"]
[White "Haque, Mohammad Sahil"]
[Black "Gauthier-Raymond, Denis"]
[Result "1-0"]
[WhiteElo "1474"]
[BlackElo "1401"]
[WhiteFideId "-1"]
[WhiteFideId "-1"]
[PlyCount "79"]
[GameId "2187210749125822"]
[EventDate "2025.04.26"]
[EventType "swiss"]
[EventRounds "4"]
[EventCountry "CAN"]

1. d4 d5 2. Bf4 Nf6 3. e3 e6 4. c3 Bd6 5. Bg3 c5 6. Nf3 O-O 7. Bd3 Qc7 8. O-O Nbd7 9. Nbd2 Bxg3 10. fxg3 e5 11. Bb5 e4 12. Ng5 h6 13. Nh3 a6 14. Bxd7 Bxd7 15. Rxf6 gxf6 16. Qh5 Kg7 17. Nf4 f5 18. Nxd5 Qd6 19. Nf4 cxd4 20. exd4 Rfe8 21. Nc4 Qe7 22. Ne5 Bc8 23. h4 Qd8 24. Rf1 Qb6 25. Nc4 Qf6 26. Ne3 b5 27. Nfd5 Qg6 28. Nxf5+ Bxf5 29. Qxf5 Qxf5 30. Rxf5 h5 31. Nc7 Re7 32. Nxa8 Ra7 33. Nb6 Kg6 34. Re5 f5 35. Kf2 Rb7 36. a3 Rf7 37. Ke3 Kg7 38. Nd5 Kg6 39. Nf4+ Kh7 40. Nxh5 {illisible} 1-0

[Event "Perce-Neige B"]
[Site "Montreal CAN"]
[Date "2025.04.27"]
[Round "3.13"]
[White "Ducharme, Bernard"]
[Black "Roy, Nicholas"]
[Result "1-0"]
[WhiteElo "1554"]
[BlackElo "1075"]
[WhiteFideId "-1"]
[WhiteFideId "-1"]
[PlyCount "69"]
[GameId "2187210749129919"]
[EventDate "2025.04.26"]
[EventType "swiss"]
[EventRounds "4"]
[EventCountry "CAN"]

1. d4 d5 2. c4 e6 3. Nf3 c5 4. e3 Nf6 5. Nc3 Nc6 6. cxd5 exd5 7. Be2 Be7 8. O-O O-O 9. dxc5 Bxc5 10. Nb5 a6 11. Nbd4 Re8 12. b3 Bg4 13. Bb2 Rc8 14. h3 Bh5 15. Rc1 Ne4 16. Nxc6 bxc6 17. Rc2 Bxf3 18. Bxf3 Bf8 19. Qc1 c5 20. Rd1 Qg5 21. Bxe4 Rxe4 22. Ba3 d4 23. exd4 Qxc1 24. Bxc1 Rce8 25. dxc5 Re1+ 26. Rxe1 Rxe1+ 27. Kh2 a5 28. Bf4 Re8 29. a3 Re4 30. Kg3 h6 31. Kf3 Re8 32. b4 g5 33. Bc7 axb4 34. axb4 Rc8 35. Ba5 1-0

[Event "Perce-Neige B"]
[Site "Montreal CAN"]
[Date "2025.04.27"]
[Round "4.10"]
[White "Maurice, Mathieu"]
[Black "Ducharme, Bernard"]
[Result "1-0"]
[WhiteElo "1477"]
[BlackElo "1554"]
[WhiteFideId "-1"]
[WhiteFideId "-1"]
[PlyCount "67"]
[GameId "2187210749134017"]
[EventDate "2025.04.26"]
[EventType "swiss"]
[EventRounds "4"]
[EventCountry "CAN"]

1. d4 d5 2. c4 c6 3. Nc3 Nf6 4. Nf3 a6 5. cxd5 cxd5 6. Bg5 e6 7. e3 Be7 8. Bd3 h6 9. Bh4 Nbd7 10. Rc1 b5 11. h3 Bb7 12. Bg3 Nb6 13. Nxb5 axb5 14. Bc7 Qd7 15. Bxb6 Bd6 16. Qb3 O-O 17. Bxb5 Qe7 18. O-O Ba6 19. a4 Bxb5 20. Qxb5 Rfb8 21. Ne5 Bxe5 22. dxe5 Nd7 23. Rc7 Rxb6 24. Qxb6 Nxb6 25. Rxe7 Rxa4 26. Rb7 Rb4 27. Ra1 Rxb2 28. Raa7 Nc4 29. Rxb2 Nxb2 30. f4 Nd1 31. Ra3 Kh7 32. Rb3 Kg6 33. Kf1 Kf5 34. Ke2 1-0

[Event "Perce-Neige B"]
[Site "Montreal CAN"]
[Date "2025.04.27"]
[Round "4.11"]
[White "Yahiaoui, Abdessamad"]
[Black "Haque, Mohammad Sahil"]
[Result "1-0"]
[WhiteElo "1595"]
[BlackElo "1474"]
[WhiteFideId "-1"]
[WhiteFideId "-1"]
[PlyCount "65"]
[GameId "2187210749134018"]
[EventDate "2025.04.26"]
[EventType "swiss"]
[EventRounds "4"]
[EventCountry "CAN"]

1. d4 Nf6 2. Nf3 g6 3. Bf4 Bg7 4. c3 d6 5. h3 Nbd7 6. Nbd2 O-O 7. e4 Nh5 8. Be3 e5 9. dxe5 Nxe5 10. Nxe5 dxe5 11. Qc2 Qe7 12. Be2 Nf4 13. Bf3 b6 14. O-O Ba6 15. Rfd1 Be2 16. Bxe2 Nxe2+ 17. Kh2 Nf4 18. a4 c5 19. Nc4 Rfd8 20. Rxd8+ Rxd8 21. Rd1 Bf8 22. Rxd8 Qxd8 23. Nxe5 Ne6 24. Kg1 Qh4 25. Nf3 Qe7 26. Qd3 Qe8 27. Qb5 Qa8 28. Qc4 Qc6 29. Ne5 Qc7 30. Qd5 a5 31. Ng4 h5 32. Nf6+ Kg7 33. Ne8+ 1-0

[Event "Perce-Neige B"]
[Site "Montreal CAN"]
[Date "2025.04.27"]
[Round "4.12"]
[White "Keshishian, Antranig"]
[Black "Dauphinais, Sophie"]
[Result "1/2-1/2"]
[WhiteElo "1574"]
[BlackElo "1559"]
[WhiteFideId "-1"]
[WhiteFideId "-1"]
[PlyCount "146"]
[GameId "2187210749134019"]
[EventDate "2025.04.26"]
[EventType "swiss"]
[EventRounds "4"]
[EventCountry "CAN"]

1. d4 d5 2. c4 c6 3. Nf3 Nf6 4. Nc3 dxc4 5. e4 b5 6. e5 Nd5 7. a4 b4 8. Ne4 Bf5 9. Ng3 Bg6 10. Bxc4 e6 11. h4 h6 12. h5 Bh7 13. a5 Nd7 14. Bd2 Rb8 15. O-O Be7 16. Qb3 Qc7 17. Rfc1 Qb7 18. Bd3 Bxd3 19. Qxd3 O-O 20. b3 c5 21. Rc4 cxd4 22. Rxd4 Qb5 23. Qxb5 Rxb5 24. Ne4 Rd8 25. Rc4 f6 26. Nd4 Rb7 27. Nxe6 Re8 28. exf6 N7xf6 29. Nxf6+ Bxf6 30. Nc5 Rb5 31. Ra4 Re2 32. Bxb4 Nxb4 33. Raxb4 Rxa5 34. Ra4 Rxa4 35. bxa4 Rd2 36. Ne4 Rd1+ 37. Kh2 Be5+ 38. g3 Rd5 39. Kh3 Bd4 40. Kg4 Kf7 41. Rc7+ Ke6 42. f3 Ra5 43. Rc4 Kd5 44. Rb4 Ke5 45. Nd2 Rd5 46. f4+ Ke6 47. Nf3 Bf6 48. Re4+ Kd6 49. f5 Ra5 50. Kf4 Rd5 51. g4 Rd1 52. g5 hxg5+ 53. Nxg5 Rf1+ 54. Nf3 Rh1 55. Kg4 Kd5 56. Re8 Ra1 57. Re6 Rxa4+ 58. Kg3 Bc3 59. h6 gxh6 60. Rxh6 a5 61. f6 Kd6 62. f7+ Ke7 63. Ng5 Bg7 64. Re6+ Kd7 65. Re8 Ra1 66. Kg4 a4 67. Kf5 Rf1+ 68. Kg6 Bh6 69. Rh8 Bxg5 70. f8=Q Rxf8 71. Rxf8 Bc1 72. Ra8 a3 73. Rxa3 Bxa3 1/2-1/2

[Event "Perce-Neige B"]
[Site "Montreal CAN"]
[Date "2025.04.27"]
[Round "4.13"]
[White "Sonn, Eric"]
[Black "Hu, Richard"]
[Result "1/2-1/2"]
[WhiteElo "1533"]
[BlackElo "1590"]
[WhiteFideId "-1"]
[WhiteFideId "-1"]
[PlyCount "82"]
[GameId "2187210749138116"]
[EventDate "2025.04.26"]
[EventType "swiss"]
[EventRounds "4"]
[EventCountry "CAN"]

1. e4 c5 2. Nf3 d6 3. d4 cxd4 4. Nxd4 Nf6 5. Nc3 g6 6. f3 Bg7 7. Be3 O-O 8. Qd2 Nc6 9. O-O-O Bd7 10. g4 a6 11. h4 h5 12. g5 Nh7 13. Be2 b5 14. Nxc6 Bxc6 15. Bd4 Qc7 16. Bxg7 Kxg7 17. Nd5 Bxd5 18. Qxd5 Rfc8 19. Rd2 Qa5 20. Kb1 Kg8 21. Rhd1 Rab8 22. f4 Rc5 23. Qb3 Kg7 24. Rd5 Rbc8 25. Rxc5 dxc5 26. Qc3+ Qxc3 27. bxc3 Nf8 28. a4 Rb8 29. axb5 axb5 30. Kb2 b4 31. Bc4 bxc3+ 32. Kxc3 Rb7 33. Bd5 Rb4 34. Bc4 e6 35. Rd6 Rb1 36. f5 Rh1 37. fxe6 fxe6 38. Rc6 Rxh4 39. Rc7+ Kh8 40. Rc8 Kg7 41. Rc7+ Kh8 1/2-1/2

[Event "Perce-Neige B"]
[Site "Montreal CAN"]
[Date "2025.04.27"]
[Round "4.14"]
[White "Roy, Nicholas"]
[Black "Gauthier-Raymond, Denis"]
[Result "0-1"]
[WhiteElo "1075"]
[BlackElo "1401"]
[WhiteFideId "-1"]
[WhiteFideId "-1"]
[PlyCount "42"]
[GameId "2187210749138117"]
[EventDate "2025.04.26"]
[EventType "swiss"]
[EventRounds "4"]
[EventCountry "CAN"]

1. d4 d5 2. Nf3 Nf6 3. g3 e6 4. Bg2 c5 5. O-O Nc6 6. c4 dxc4 7. Na3 cxd4 8. Nxc4 Be7 9. Nfe5 Bd7 10. Qb3 O-O 11. Bg5 Nb4 12. Nxd7 Qxd7 13. Rfd1 Rad8 14. Ne5 Qb5 15. Bxf6 Bxf6 16. Nd3 a5 17. a4 Qh5 18. Nxb4 axb4 19. Qd3 b6 20. a5 bxa5 21. Rxa5 Qxa5 0-1

[Event "PreTEC 2025"]
[Site "Chambly CAN"]
[Date "2025.03.19"]
[Round "1.1"]
[White "Weston, Paul"]
[Black "Boyer, Pascal"]
[Result "1/2-1/2"]
[WhiteElo "1867"]
[BlackElo "1552"]
[WhiteFideId "-1"]
[WhiteFideId "-1"]
[PlyCount "72"]
[GameId "2191150457005635"]
[EventDate "2025.03.19"]
[EventType "swiss"]
[EventRounds "5"]
[EventCountry "CAN"]

1. Nf3 d5 2. g3 Nf6 3. Bg2 c5 4. O-O Nc6 5. d4 Bg4 6. Ne5 e6 7. Bg5 Bh5 8. Nxc6 bxc6 9. c4 Qb6 10. Bxf6 gxf6 11. cxd5 cxd5 12. Qa4+ Kd8 13. dxc5 Bxc5 14. Nc3 Ke7 15. Bxd5 Rad8 16. Bf3 Bg6 17. Qb5 h5 18. Qxb6 Bxb6 19. e3 Rd2 20. b4 h4 21. Na4 hxg3 22. hxg3 Bc7 23. Rac1 Be5 24. a3 Ra2 25. Nc5 Rxa3 26. Rfd1 Rd8 27. Rxd8 Kxd8 28. Rd1+ Ke8 29. Bc6+ Kf8 30. Nd7+ Ke7 31. Nxe5 fxe5 32. Rd7+ Kf6 33. b5 Bh5 34. Rd8 Be2 35. Ra8 Ra1+ 36. Kh2 e4 1/2-1/2

[Event "PreTEC 2025"]
[Site "Chambly CAN"]
[Date "2025.03.19"]
[Round "1.2"]
[White "Kelly, Patrick"]
[Black "Cournoyer, Raphael"]
[Result "1/2-1/2"]
[WhiteElo "1534"]
[BlackElo "1779"]
[WhiteFideId "-1"]
[WhiteFideId "-1"]
[PlyCount "60"]
[GameId "2191150457005636"]
[EventDate "2025.03.19"]
[EventType "swiss"]
[EventRounds "5"]
[EventCountry "CAN"]

1. e4 c6 2. d4 d5 3. e5 Bf5 4. h4 h6 5. g4 Bg6 6. h5 Bh7 7. Bd3 Bxd3 8. Qxd3 e6 9. Nf3 Nd7 10. g5 hxg5 11. Nxg5 Qe7 12. Nh7 O-O-O 13. Nc3 Nh6 14. Bxh6 gxh6 15. Nxf8 Rdxf8 16. O-O-O Rfg8 17. Rdg1 f6 18. exf6 Qxf6 19. Qe3 e5 20. dxe5 Nxe5 21. Qxa7 Rxg1+ 22. Rxg1 Nc4 23. Rg8+ Rxg8 24. Qa8+ Kc7 25. Qxg8 Qf4+ 26. Kb1 Nd2+ 27. Ka1 Ne4 28. Qg7+ Kb8 29. Qh8+ Kc7 30. Qg7+ Kb8 1/2-1/2